000 01657nam0a2200385 4500
001 RU\NLR\bibl\989349
005 20260406151737.0
010 _a5-17-037107-1
_bАСТ
010 _a5-9713-2817-4
_bАСТ Москва
010 _a5-9762-0169-5
_93000
_bХранитель
021 _aRU
_b2006-52663
_92596
035 _a(NLR Aleph) 000977172
090 _a436056
_c436056
100 _a20060929d2006 |||y0rusy50 ca
101 1 _arus
_cpol
102 _aRU
105 _ay |||||||||
200 1 _aТак говорил... Лем
_e[беседы со Станиславом Лемом
_eсборник
_fпер. с пол. В. И. Борисова и В. Я. Язневича]
210 _aМосква
_cАСТ [и др.]
_d2006
215 _a764 с.
_d21
225 1 _aPhilosophy
320 _aБиблиогр. бесед со Станиславом Лемом, опубл. на рус. яз.: с. 752-762
320 _aБиблиогр. в подстроч. прим.
320 _aПерсон.: с. 731-751
327 1 _aСодерж.: разделы: Так говорит Лем; Так говорит Лем... по-русски
600 1 _aЛем
_bС.
_f1921 - 2006
_gСтанислав
_xФилософские взгляды
_92443021
_3RU\NLR\auth\661453211
686 _aШ5(4П)7-4Лем 33
686 _aЮ3(4П)6
700 1 _4070
_8rus
_7ca
_aЛем
_bС.
_f1921-2006
_gСтанислав
_3RU\NLR\auth\775492
_9115456
801 0 _aRU
_bNLR
_c20060929
_grcr
801 1 _aRU
_bNLR
_c20060929
942 _cBOOK
980 _aNB